| Tag |
First Indicator |
Second Indicator |
Subfields |
| LEADER |
00000cas a2200000 a 4500 |
| 001 |
in00000083484 |
| 005 |
20151008061310.0 |
| 008 |
800201c19799999ncu x1m s0 a0eng d |
| 010 |
|
|
|a sf 87037019
|z sn 83011725
|
| 022 |
0 |
|
|a 0747-8194
|
| 030 |
|
|
|a TNCSDT
|
| 035 |
|
|
|a (OCoLC)05937585
|
| 035 |
|
|
|9 AAJ7761AM
|
| 040 |
|
|
|a IRU
|c IRU
|d COO
|d NST
|d NSD
|d AIP
|d DLC
|d NSD
|d NST
|d OCLCQ
|d UtOrBLW
|
| 042 |
|
|
|a nsdp
|a lc
|
| 049 |
|
|
|a TXAM
|
| 050 |
0 |
0 |
|a UNC
|
| 082 |
1 |
0 |
|a 630
|2 11
|
| 090 |
|
|
|a S97
|b .E45
|
| 130 |
0 |
|
|a Technical bulletin (North Carolina Agricultural Research Service)
|
| 210 |
0 |
|
|a Tech. bull.- N.C. Agric. Res. Serv.
|
| 222 |
|
0 |
|a Technical bulletin - North Carolina Agricultural Research Service
|
| 245 |
1 |
0 |
|a Technical bulletin.
|
| 246 |
3 |
0 |
|a Tech. bul.
|
| 264 |
|
1 |
|a Raleigh :
|b North Carolina Agricultural Research Service,
|c [1979-]
|
| 300 |
|
|
|a numbers :
|b illustrations ;
|c 23 cm.
|
| 310 |
|
|
|a Irregular
|
| 336 |
|
|
|a text
|b txt
|2 rdacontent
|
| 337 |
|
|
|a unmediated
|b n
|2 rdamedia
|
| 338 |
|
|
|a volume
|b nc
|2 rdacarrier
|
| 362 |
0 |
|
|a No. 258-
|
| 500 |
|
|
|a Some issues have title: Tech. bul.
|
| 650 |
|
0 |
|a Agriculture
|z North Carolina.
|
| 780 |
0 |
0 |
|t Technical bulletin (North Carolina Agricultural Experiment Station)
|x 0096-7815
|w (DLC) 87657549
|w (OCoLC)1391871
|
| 850 |
|
|
|a AAP
|a ArU
|a CU-A
|a CaAEU
|a CoFS
|a DLC
|a DNAL
|a DeU
|a GU
|a IU
|a IaAS
|a InLP
|a KU
|a MiEM
|a MoU
|a NcD
|a TxCM
|a ViBlbV
|
| 994 |
|
|
|a C0
|b TXA
|
| 999 |
|
|
|a MARS
|
| 999 |
f |
f |
|s 8429fe84-0e43-3b83-a410-d809b7bf63cc
|i 36a5199f-4555-3a66-b71a-33d5bc736d70
|t 0
|
| 952 |
f |
f |
|a Texas A&M University
|b Rellis Campus
|c Joint Library Facility
|d Remote Storage
|e S97 .E45
|h Library of Congress classification
|i unmediated -- volume
|k 295 -297
|l 1991:Oct.-1992:May
|m A14815613920
|p ric
|s JLF
|t 0
|
| 952 |
f |
f |
|a Texas A&M University
|b Rellis Campus
|c Joint Library Facility
|d Remote Storage
|e S97 .E45
|h Library of Congress classification
|i unmediated -- volume
|k 303 -307
|l 1993-1995
|m A14824882594
|p ric
|s JLF
|t 0
|
| 952 |
f |
f |
|a Texas A&M University
|b Rellis Campus
|c Joint Library Facility
|d Remote Storage
|e S97 .E45
|h Library of Congress classification
|i unmediated -- volume
|k no.273 -no.275
|l 1982:May-1984:Feb.
|m A14815971394
|p ric
|s JLF
|t 0
|
| 952 |
f |
f |
|a Texas A&M University
|b Rellis Campus
|c Joint Library Facility
|d Remote Storage
|e S97 .E45
|h Library of Congress classification
|i unmediated -- volume
|k no.258/259
|l 1979:June
|m A14815971247
|p ric
|s JLF
|t 0
|
| 952 |
f |
f |
|a Texas A&M University
|b Rellis Campus
|c Joint Library Facility
|d Remote Storage
|e S97 .E45
|h Library of Congress classification
|i unmediated -- volume
|k 287 -290
|l 1989:July-1989:Sept.
|m A14813468785
|p ric
|s JLF
|t 0
|
| 952 |
f |
f |
|a Texas A&M University
|b Rellis Campus
|c Joint Library Facility
|d Remote Storage
|e S97 .E45
|h Library of Congress classification
|i unmediated -- volume
|k no.260 -no.271
|l 1979:Sept.-1981:Feb.
|m A14816118363
|p ric
|s JLF
|t 0
|
| 952 |
f |
f |
|a Texas A&M University
|b Rellis Campus
|c Joint Library Facility
|d Remote Storage
|e S97 .E45
|h Library of Congress classification
|i unmediated -- volume
|k 281
|l 1986:Sept.
|m A14812243124
|p ric
|s JLF
|t 0
|
| 952 |
f |
f |
|a Texas A&M University
|b Rellis Campus
|c Joint Library Facility
|d Remote Storage
|e S97 .E45
|h Library of Congress classification
|i unmediated -- volume
|k 282 -286
|l 1986:Aug.-1988:Mar.
|m A14812239052
|p ric
|s JLF
|t 0
|
| 952 |
f |
f |
|a Texas A&M University
|b Rellis Campus
|c Joint Library Facility
|d Remote Storage
|e S97 .E45
|h Library of Congress classification
|i unmediated -- volume
|k 298
|l 1992:Oct.
|m A14816393337
|p ric
|s JLF
|t 0
|
| 952 |
f |
f |
|a Texas A&M University
|b Rellis Campus
|c Joint Library Facility
|d Remote Storage
|e S97 .E45
|h Library of Congress classification
|i unmediated -- volume
|k 293
|l 1991:Mar.
|m A14815620383
|p ric
|s JLF
|t 0
|
| 952 |
f |
f |
|a Texas A&M University
|b Rellis Campus
|c Joint Library Facility
|d Remote Storage
|e S97 .E45
|h Library of Congress classification
|i unmediated -- volume
|k 277 -280
|l 1984:May-1986:Sept.
|m A14816118321
|p ric
|s JLF
|t 0
|
| 952 |
f |
f |
|a Texas A&M University
|b Rellis Campus
|c Joint Library Facility
|d Remote Storage
|e S97 .E45
|h Library of Congress classification
|i unmediated -- volume
|k no.272
|l 1982:July
|m A14815971645
|p ric
|s JLF
|t 0
|
| 952 |
f |
f |
|a Texas A&M University
|b Rellis Campus
|c Joint Library Facility
|d Remote Storage
|e S97 .E45
|h Library of Congress classification
|i unmediated -- volume
|k 299
|l 1992:Nov.
|m A14816560625
|p ric
|s JLF
|t 0
|
| 952 |
f |
f |
|a Texas A&M University
|b Rellis Campus
|c Joint Library Facility
|d Remote Storage
|e S97 .E45
|h Library of Congress classification
|i unmediated -- volume
|k 294
|l 1991:July
|m A14815620391
|p ric
|s JLF
|t 0
|
| 952 |
f |
f |
|a Texas A&M University
|b Rellis Campus
|c Joint Library Facility
|d Remote Storage
|e S97 .E45
|h Library of Congress classification
|i unmediated -- volume
|k 291
|l 1989:Oct
|m A14813468997
|p ric
|s JLF
|t 0
|
| 952 |
f |
f |
|a Texas A&M University
|b Rellis Campus
|c Joint Library Facility
|d Remote Storage
|e S97 .E45
|h Library of Congress classification
|i unmediated -- volume
|k 292
|l 1989:Nov
|m A14813469040
|p ric
|s JLF
|t 0
|
| 952 |
f |
f |
|a Texas A&M University
|b Rellis Campus
|c Joint Library Facility
|d Remote Storage
|e S97 .E45
|h Library of Congress classification
|i unmediated -- volume
|k no.276
|l 1983:Dec.
|m A14815971297
|p ric
|s JLF
|t 0
|
| 952 |
f |
f |
|a Texas A&M University
|b Rellis Campus
|c Joint Library Facility
|d Remote Storage
|e S97 .E45
|h Library of Congress classification
|i unmediated -- volume
|k 302
|l 1993:Aug
|m A14824874787
|p ric
|s JLF
|t 0
|
| 952 |
f |
f |
|a Texas A&M University
|b Rellis Campus
|c Joint Library Facility
|d Remote Storage
|e S97 .E45
|h Library of Congress classification
|i unmediated -- volume
|k 300 -301
|l 1992-1992
|m A14824874834
|p ric
|s JLF
|t 0
|
| 998 |
f |
f |
|a S97 .E45
|s no.269-307 (1981:Jan.-1995:Aug.)
|t 0
|l Remote Storage
|